Это реальная личность? №8 - Внезапная смерть - Statistics

General Stats
  • This quiz has been taken 24 times
  • The average score is 11 of 14
Answers on the Grid
Answers color-coded by a green-red scale on the quiz's grid according to % correct below.
Эйс Вентура
Снуп Догг
Кевин Костнер
Мобуту Сесе Секо
Шакира
Эйитиро Ода
Людмила Добрыйвечер
Тони Старк
Пьюдипай
Иосиф Сид
Темучжин
Даниэль Дефо
Ада Вонг
Нюша Шурочкина
Алан Тьюринг
Вильгельм Завоеватель
Сукарно
Осаму Дадзай
Дмитрий Пучков
Ник Уайлд
 
Answer Stats
Answer % Correct
Снуп Догг
100%
Шакира
90%
Пьюдипай
90%
Даниэль Дефо
90%
Кевин Костнер
80%
Мобуту Сесе Секо
70%
Темучжин
70%
Алан Тьюринг
70%
Вильгельм Завоеватель
70%
Сукарно
70%
Осаму Дадзай
70%
Дмитрий Пучков
70%
Эйитиро Ода
60%
Нюша Шурочкина
60%
No matching quizzes found
Score Distribution
Percent of People with Each Score
Percentile by Number Answered
Your Score History
You have not taken this quiz